000 00678nam a2200289Ia 4500
005 20260324125651.0
008 008 260324s9999 xx 000 0 eng d
020 _a9780203890134
037 _aEBOOK
040 _aCRL
040 _beng
040 _cCRL
041 _2eng
041 _aeng
084 _qCRL
100 _aQuansheng Zhao; Guoli Liu
_91178850
245 0 _aManaging the China Challenge
245 0 _bGlobal Perspectives
260 _bTaylor and Francis
260 _c2008
365 _a
365 _b240
856 _uhttp://www.taylorfrancis.com/books/9780203890134
942 _cEBOOK
999 _c1774327
_d1774327